Les arrêts du bus 95 RATP (Paris) - Statistiques

Statistiques générales
  • Ce quiz a été pris 2 fois
  • Le résultat moyen est 37 sur 56
Statistiques - réponses
Numéro Arrêts % Correct
53 Angélique Compoint
100%
46 Damrémont - Caulaincourt (Sacré Coeur)
100%
50 Damrémont - Ordener
100%
41 Europe
100%
13 Falguière
100%
38 Gare Saint-Lazare
100%
36 Havre - Haussmann
100%
27 Jacob
100%
21 Montparnasse
100%
34 Opéra
100%
33 Opéra - 4 Septembre
100%
30 Palais Royal - Comédie Française
100%
32 Petits Champs - Danielle Casanova
100%
43 Place de Clichy
100%
44 Place de Clichy - Caulaincourt
100%
47 Place Jacques Froment
100%
56 Porte de Montmartre
100%
5 Porte de Vanves
100%
31 Pyramides
100%
23 Rennes - Saint-Placide
100%
26 Saint-Germain-des-Prés
100%
2 Adolphe Pinard
50%
12 Alleray
50%
18 Armorique - Musée Postal
50%
35 Auber
50%
4 Bartholomé
50%
6 Brancion
50%
10 Brancion - Vouillé
50%
42 Bucarest
50%
7 Chauvelot
50%
45 Clichy - Caulaincourt
50%
51 Damrémont - Championnet
50%
49 Damrémont - Marcadet
50%
19 Gare Montparnasse
50%
37 Gare Saint-Lazare - Havre
50%
39 Gare Saint-Lazare - Rome
50%
15 Institut Pasteur
50%
11 Labrouste - Vouillé
50%
25 Michel Debré
50%
20 Montparnasse - Rue de l'Arrivée
50%
9 Morillons
50%
8 Morillons - Brancion
50%
29 Musée du Louvre
50%
16 Pasteur - Docteur Roux
50%
17 Pasteur - Falguière
50%
28 Pont du Carrousel - Quai Voltaire
50%
1 Porte de Vanves - Place Simard
50%
52 Poteau - Belliard
50%
14 Procession
50%
54 René Binet
50%
24 Rennes - d'Assas
50%
22 Rennes - Littré
50%
48 Damrémont - Lamarck
0%
40 Gare Saint-Lazare - Budapest
0%
55 Gérard de Nerval
0%
3 Pont de la Vallée
0%
Aucun quiz correspondant
Distribution des résultats
% des personnes avec chaque résultat
Percentile par nombre de réponses
Votre historique - résultats
Vous n’avez pas pris ce quiz